| 000 | 00914nam a2200253 i 4500 | ||
|---|---|---|---|
| 001 | 188105 | ||
| 003 | ES-MaACL | ||
| 005 | 20250921063040.0 | ||
| 008 | 180503s1976 fr |||| | fre d | ||
| 020 | _a2-253-00964-4 | ||
| 080 | _a821.133.1-14"18" | ||
| 100 | 1 |
_aVerlaine, Paul, _d1844-1896 _9114142 |
|
| 245 | 1 | 3 |
_aLa bonne chanson _b; Romances sans paroles ; Sagesse / _cPaul Verlaine ; préface d'Antoine Blondin ; notes et commentaires de Claude Cuénot. |
| 246 | 3 | 0 | _aRomances sans paroles |
| 246 | 3 | 0 | _aSagesse |
| 260 |
_aParis : _bLe livre de Poche, _c[1976] |
||
| 300 |
_aXII, 211 p. ; _c17 cm. |
||
| 490 | 1 |
_aLe Livre de poche. _aClassique ; _v1116 |
|
| 700 | 1 |
_aBlondin, Antoine. _929550 |
|
| 700 | 1 |
_aCuénot, Claude. _9164728 |
|
| 830 | 0 |
_aLe Livre de poche. _aClassique ; _v1116 _9192995 |
|
| 852 |
_aES-MaACL _jL-31998 _z. - Donat. Carmen Zumárraga |
||
| 999 |
_c188105 _d188105 |
||